| 000 | 00398nam a22001577a 4500 | ||
|---|---|---|---|
| 005 | 20171212125516.0 | ||
| 008 | 171212b xxu||||| |||| 00| 0 eng d | ||
| 020 | _a9781844073771 | ||
| 040 | _cPK-LaUMT | ||
| 082 |
_aPKAC 320.956 _bSMI-S |
||
| 100 | _aSmith , Dan | ||
| 245 |
_aThe state of the middle east/ _cDan Smith |
||
| 260 |
_aLondon: _bEarhscan, _c2006 |
||
| 300 | _a144 p. | ||
| 942 | _cBK | ||
| 999 |
_c100719 _d100719 |
||